English Words of Malay Origin - Statistics

General Stats
  • This quiz has been taken 50 times
  • The average score is 5 of 8
Answer Stats
Definition Word % Correct
Large mainly solitary arboreal ape with long red hair, long arms, and hooked hands and feet, native to Borneo and Sumatra. Orangutan
90%
Spiny oval tropical fruit containing a creamy pulp with fetid smell. Durian
81%
Nocturnal and often highly vocal lizard which has adhesive pads on the feet to assist in climbing on smooth surfaces. Gecko
71%
Metal disc with a turned rim, giving a resonant note when struck. Gong
64%
Very large flightless bird related to the emu, with a bare head and neck, a tall horny crest, and one or two coloured wattles. Cassowary
62%
Parrot with an erectile crest, found in Australia, eastern Indonesia, and neighbouring islands. Cockatoo
45%
Red, plum-sized tropical fruit with soft spines and a slightly acidic taste. Rambutan
43%
Mammal found in Africa and Asia that eats ants, catching them with its long, sticky tongue. Pangolin
19%
No matching quizzes found
Score Distribution
Percent of People with Each Score
Percentile by Number Answered
Your Score History
You have not taken this quiz